| 000 | 00919nam a22003017a 4500 | ||
|---|---|---|---|
| 001 | BR2011002970 | ||
| 003 | BR-BrBNA | ||
| 005 | 20230928103639.0 | ||
| 007 | ta | ||
| 008 | 230509b bl.||||| |||| 00| 0 por d | ||
| 040 |
_aBR-BrBNA _bpor _cBiblioteca Nacional de Agricultura |
||
| 041 | _a(Por) | ||
| 072 |
_aF30 _b1410 |
||
| 090 | _ 1410 BR2011002970 | ||
| 100 | 1 | _aRodrigues, L.S. | |
| 110 | 1 |
_aUniversidade Federal de Peloats, RS (Brasil) _0Tese (Mestre em Ciências) |
|
| 245 | 1 | _aCaracterização e divergência genética de cultivares de feijão (Phaseolus vulgaris L.) | |
| 260 | 3 |
_aPelotas, RS (Brasil): _c2001. |
|
| 300 | _a92 p. | ||
| 500 | _aSummaries (Eng, Por); 12 tables; 10 illus. | ||
| 650 | _aFEIJÃO | ||
| 650 | _aPHASEOLUS VULGARIS | ||
| 650 | _aVARIEDADE | ||
| 650 | _aVARIAÇÃO GENÉTICA | ||
| 650 | _aMODELO MATEMÁTICO | ||
| 909 |
_a202309 _bLucia _c55 _dLucia Elande |
||
| 942 | _cBK | ||
| 999 |
_c75953 _d75953 |
||